000 00440cam a2200181ua 4500
020 _c8.60
041 _aeng
_h
082 _a828.09
_bCHU/GR
100 _aChurch, Richard .
245 _aGrowth of the English novel /
_cRichard church.
_hTextual Documents
250 _a1 /
_b.
260 _aLondon :
_bMethuen and Co. Ltd ,
_c1957.
300 _a220 ; .
365 _a8.60
504 _a
942 _cBK
999 _c5441
_d5441